000 00528nam a2200181Ia 4500
999 _c7243
_d7243
003 OSt
005 20200116111426.0
008 190216s9999||||xx |||||||||||||| ||und||
020 _a9788127238124
040 _coclc
082 _a658.15
_bGUP/F
100 _a Gupta, Shashi K
_91007
245 0 _aFinancial Management /
_cShashi K Gupta ; Neeti Gupta
260 _bKalyani Pub,
_c2008.
_aNew Delhi:
300 _a688p
650 _xFinancial Management
942 _cBK
_2ddc
_h658.15
_iGUP/F
_k658.15
_mGUP/F